Countries with the letter Y - Statistics

General Stats
  • This quiz has been taken 49 times
    34 since last reset
  • The average score is 15 of 20
Answer Stats
Answer % Correct
Yemen
93%
Italy
89%
Turkey
86%
Germany
82%
Kyrgyzstan
82%
Syria
82%
Hungary
79%
Libya
79%
Norway
79%
Paraguay
79%
Uruguay
79%
Egypt
75%
Myanmar
75%
Guyana
68%
Malaysia
68%
Kenya
61%
Vatican City
61%
Cyprus
50%
Ivory Coast
50%
Seychelles
43%
No matching quizzes found
Score Distribution
Percent of People with Each Score
Percentile by Number Answered
Your Score History
You have not taken this quiz since the last reset